The Immune consequences of thermal injury / (Record no. 4249)

000 -LEADER
fixed length control field 01016nam a22002778i 4500
003 - CONTROL NUMBER IDENTIFIER
control field OSt
005 - DATE AND TIME OF LATEST TRANSACTION
control field 20220321095807.0
008 - FIXED-LENGTH DATA ELEMENTS--GENERAL INFORMATION
fixed length control field 800410s1981 mdua 101 0 eng d
020 ## - INTERNATIONAL STANDARD BOOK NUMBER
International Standard Book Number 0683065017
040 ## - CATALOGING SOURCE
Transcribing agency NLM
049 ## - LOCAL HOLDINGS (OCLC)
Holding library JHWW
Notes about holdings O
050 ## - LIBRARY OF CONGRESS CALL NUMBER
Classification number RD96.4
Item number .W67 1981
096 ## - LOCALLY ASSIGNED NLM-TYPE CALL NUMBER (OCLC)
Classification number WO 704 I33 1979
245 04 - TITLE STATEMENT
Title The Immune consequences of thermal injury /
Statement of responsibility, etc. John L. Ninnemann, editor.
260 ## - PUBLICATION, DISTRIBUTION, ETC.
Place of publication, distribution, etc. Baltimore :
Name of publisher, distributor, etc. Williams & Wilkins,
Date of publication, distribution, etc. 1981.
300 ## - PHYSICAL DESCRIPTION
Extent xvi, 269 p.
Other physical details ill.
500 ## - GENERAL NOTE
General note Papers presented at the First Workshop on the Immune Consequences of Thermal Injury, held at Lake Arrowhead of San Diego, Calif., December 3-6, 1979.
500 ## - GENERAL NOTE
General note Workshop sponsored by the American Burn Association and the Plastic Surgery Research Foundation of San Diego.
650 #2 - SUBJECT ADDED ENTRY--TOPICAL TERM
Topical term or geographic name entry element Burns
General subdivision immunology
Form subdivision Congresses.
700 1# - ADDED ENTRY--PERSONAL NAME
Personal name Ninnemann, John L.
710 22 - ADDED ENTRY--CORPORATE NAME
Corporate name or jurisdiction name as entry element American Burn Association.
710 22 - ADDED ENTRY--CORPORATE NAME
Corporate name or jurisdiction name as entry element Plastic Surgery Research Foundation.
711 2# - ADDED ENTRY--MEETING NAME
Number of part/section/meeting (1st :
Date of meeting or treaty signing 1979 :
910 ## - USER-OPTION DATA (OCLC)
User-option data 4210
942 ## - ADDED ENTRY ELEMENTS (KOHA)
Source of classification or shelving scheme
Koha item type Book
Suppress in OPAC MM
Holdings
Withdrawn status Lost status Source of classification or shelving scheme Damaged status Not for loan Permanent Location Current Location Shelving location Date acquired Source of acquisition Total Checkouts Full call number Barcode Date last seen Price effective from Koha item type Public note
          AU LIBRARY AU LIBRARY Open Shelf 21.03.2022 DONATION FROM MOI UNIVERSITY   RD96.4 .W67 1981 28006066 21.03.2022 21.03.2022 Book MM

Powered by Koha